000 00233nam a22000857a 4500
008 160712b xxu||||| |||| 00| 0 eng d
100 _92692
_a Bence, E
245 _aLeaving Home
260 _aPhiladelphia
_b Bridge Books
_c1982
999 _c2340
_d2340